=LDR 00000nam 2200000 4500 =001 INLIS000000000022214 =005 20130612121008 =008 ***********************************Ind** =035 ##$$0010-061300000022214 =041 ##$$a Ind =082 ##$$a 808.83 =090 ##$$a 808.83, Zai k =100 ##$$a Zain, Labibah =245 ##$$a Addicted to weblog, kisah perempuan dalam dua dunia, Labibah Zain =260 ##$$a 2005 $b Jakarta =300 ##$$a 191 hlm, 21 cm =650 ##$$a Cerita pendek-kumpilan =850 ##$$a NBPNMAT =990 ##$$a 1312213122 =990 ##$$a 01201713122